| 000 | 00517nam a2200205Ia 4500 | ||
|---|---|---|---|
| 005 | 20250528113018.0 | ||
| 008 | 131103s9999 xx 000 0 und d | ||
| 020 | _a0-09-938891-x | ||
| 040 | _aLoreto College | ||
| 041 | _aEnglish | ||
| 082 |
_a808.4 _bSON |
||
| 100 | _aSontag, Susan | ||
| 245 |
_aUnder the sign of saturn _cSusan Sontag |
||
| 260 |
_aLondon _bVintage _c1980 |
||
| 300 | _a[7],204 p. | ||
| 650 | _aLiterary Criticism - | ||
| 651 | _aEssays Criticism - | ||
| 850 |
_aLCBED _bPG |
||
| 942 | _cBK | ||
| 999 |
_c518 _d50997 |
||